Vértigo y sexualidad(es) (Record no. 184018)

MARC details
000 -LEADER
campo de control de longitud fija 00990nam a2200241 i 4500
001 - NÚMERO DE CONTROL
campo de control 184018
003 - IDENTIFICADOR DE NÚMERO DE CONTROL
campo de control ES-MaACL
005 - FECHA Y HORA DE LA ÚLTIMA TRANSACCIÓN
campo de control 20231115115856.0
008 - DATOS DE LONGITUD FIJA--INFORMACIÓN GENERAL
campo de control de longitud fija 150223s2014 sp |||| | spa d
020 ## - NÚMERO INTERNACIONAL ESTÁNDAR DEL LIBRO
Número Internacional Estándar del Libro 978-84-923417-4-0
080 ## - NÚMERO DE LA CLASIFICACIÓN DECIMAL UNIVERSAL
Número de la Clasificación Decimal Universal 159.94
100 0# - ENTRADA PRINCIPAL--NOMBRE DE PERSONA
Nombre de persona Mieville Manni, Delfina.
9 (RLIN) 80979
245 10 - MENCIÓN DEL TÍTULO
Título Vértigo y sexualidad(es)
Resto del título : género y orientación sexual : aproximaciones a la realidad sexual y afectiva de mujeres y hombres /
Mención de responsabilidad, etc. Delfina Mieville Manni.
260 ## - PUBLICACIÓN, DISTRIBUCIÓN, ETC.
Lugar de publicación, distribución, etc. Madrid :
Nombre del editor, distribuidor, etc. Agrupación Ateneísta de Estudios sobre las Mujeres "Clara Campoamor",
Fecha de publicación, distribución, etc. 2014.
300 ## - DESCRIPCIÓN FÍSICA
Extensión 179 p. ;
Dimensiones 21 cm.
504 ## - NOTA DE BIBLIOGRAFÍA, ETC.
Nota de bibliografía, etc. Bibliografía: p. [165]-175.
650 #4 - PUNTO DE ACCESO ADICIONAL DE MATERIA--TÉRMINO DE MATERIA
Término de materia o nombre geográfico como elemento de entrada Sexualidad.
9 (RLIN) 17078
710 2# - ENTRADA AGREGADA--NOMBRE DE ENTIDAD CORPORATIVA
Nombre de entidad corporativa o nombre de jurisdicción como elemento de entrada Agrupación Ateneísta de Estudios sobre la Mujer Clara Campoamor
9 (RLIN) 1276
852 ## - LOCALIZACIÓN
Ubicación ES-MaACL
Número de control de estantería A-13393
itemnumber 190984
Sublocalización o colección R.150158
Ubicación en estantería Depósito 1
Signatura antigua Olim: N-6393
Donativo/Legado Donación: Delfina Mieville Manni
903 ## - NOMBRE PERSONAL DE DONANTE
9 80979
a Mieville Manni, Delfina
e Donante
942 ## - ELEMENTOS DE ENTRADA SECUNDARIOS (KOHA)
Fuente del sistema de clasificación o colocación Clasificación decimal universal
Tipo de ítem Koha Libro impreso
Holdings
Estatus retirado Estado de pérdida Fuente del sistema de clasificación o colocación Estado de daño No para préstamo Biblioteca de origen Biblioteca actual Ubicación en estantería Fecha de adquisición Total de préstamos Signatura topográfica completa Código de barras Visto por última vez Precio de reemplazo Tipo de ítem Koha
    Clasificación decimal universal     Biblioteca del Ateneo de Madrid Biblioteca del Ateneo de Madrid Sala Pecera Depósito 2 23/02/2015   N-6393 1193505 23/02/2023 23/02/2023 Libro impreso